Roger Ebert Ten Greatest Films of all Time - Statistics

General Stats
  • This quiz has been taken 65 times
  • The average score is 5 of 10
Answer Stats
Hint Answer % Correct
Humphrey Bogart, Ingrid Bergman, Morocco Casablanca
100%
Orson Welles, Joseph Cotten, Newspaper Citizen Kane
94%
Robert De Niro, Joe Pesci, Boxing Raging Bull
87%
Keir Dullea, Gary Lockwood, Monolith 2001; A Space Oyssey
59%
Orson Welles, Joseph Cotten, Vienna The Third Man
57%
Cary Grant, Ingrid Bergman, Nazi Spy Notorious
39%
Marcello Mastroianni, Kerstin Ekberg, Journalist spends time in Rome La Dolce Vita
31%
Michael Apted, Fourth film in Documentary Series, Follows children as they mature in Britain 28 and Up
19%
Errol Morris, Documentary, Pet Cemetery Gates of Heaven
13%
Ganjirō Nakamura, Machiko Kyō, Traveling Theater Troupe Floating Weeds
4%
No matching quizzes found
Score Distribution
Percent of People with Each Score
Percentile by Number Answered
Your Score History
You have not taken this quiz